000 00882nam a2200253 i 4500
001 bg
100 1 _aOWCZARZ, Anna
245 1 0 _aPaint Shop Pro 9 :
_bzostań mistrzem : obróbka grafiki i korekcja zdjęć cyfrowych /
_cAnna Owczarz.
260 _aGliwice :
_b"Helion",
_ccop. 2005.
300 _a390 s. :
_bil. ;
_c24 cm +
_eCD ROM.
500 _aNa dole s. tyt. i okł. podtyt.: "edycja fotografii, przygotowanie grafiki sieciowej, edycja obiektów wektorowych".
504 _aIndeks.
650 9 _aPaint Shop Pro
650 9 _aFotografia cyfrowa
655 _aPodręczniki
020 _a837361205X
040 _cBPK
041 0 _apol
080 _a004.42:004.9:778](07)
920 _a83-7361-205-X
942 _cKS
008 s pl f |000 0 pol
999 _c46296
_d46296
856 _uhttp://koha.tu.koszalin.pl/cgi-bin/koha/opac-detail.pl?biblionumber=46296
_yKatalog online BPK